00423nam a2200145Ia 4500008004100000020001500041041000800056082001500064100004100079245007600120250000600196260003700202300001000239650002800249210716s1983 xx 000 0 und d a0030507367 aeng a658.4 ALBR aAlbanese, Robert;Van Fleet, David D. aOrganizational behavior: a managerial viewpoint.bManagerial viewpoint. a1 aNew YorkbThe dryden pressc1983 ax,598 aOrganisational Behavior